[Event "ICS rated blitz match"]
[Site "204.178.125.65"]
[Date "1999.10.02"]
[Round "?"]
[White "Timmo"]
[Black "Hossa"]
[Result "0-1"]
[WhiteElo "2067"]
[BlackElo "2402"]
[Annotator "Steffen A. Jakob"]
[PlyCount "136"]
[EventDate "1999.??.??"]

1. e4 e5 2. f4 exf4 3. Nf3 Ne7 4. d4 d5 5. e5 ({RR} 5. Nc3 5... dxe4 6. Nxe4
Nd5 7. Bc4 Be7 8. O-O O-O 9. Ne5 Be6 10. Qh5 Nf6 11. Nxf6+ Bxf6 12. Rxf4 Bxc4
13. Nxc4 Bxd4+ 14. Be3 Bxe3+ 15. Nxe3 Qd6 16. Rh4 Qg6 17. Qxg6 fxg6 18. Nd5 Rf7
19. Re1 19... Nc6 {Riemersma,L-Sokolov,I/NLD-ch 1995/TUR 95/0-1 (33)}) 5... c5
$146 ({RR} 5... Ng6 6. Bd3 Be7 7. O-O O-O ({RR} 7... Nc6 8. Nc3 Nb4 9. Bxg6
hxg6 10. a3 Nc6 11. Bxf4 g5 12. Be3 g4 13. Ne1 Bg5 14. Qd2 Bxe3+ 15. Qxe3 Qh4
16. Qf4 Be6 17. Ne2 O-O-O 18. Nd3 Rh7 19. c3 Rdh8 20. Nc5 Ne7 21. Qg3 Nf5 22.
Qxh4 {Zeller,F-Beikert,G/Bodensee Cup 1996/EXP 53/1-0 (60)}) 8. Nc3 c5 9. Ne2
Nc6 10. c3 cxd4 11. cxd4 Bg4 12. h3 Bxf3 13. Rxf3 Rc8 14. Kh1 14... Bg5 {
1/2-1/2 Metz,H-Podgaets,M/Dortmund op-A 1993/TD 93\06 (14)}) 6. c3 Qb6 7. Be2 (
7. dxc5 Qxc5 8. Bxf4 $14) 7... Nbc6 8. O-O cxd4 9. cxd4 Nf5 10. Kh1 Ncxd4 11.
Nc3 Nxe2 12. Qxe2 Be6 13. Bxf4 Bb4 14. Rad1 Bxc3 15. bxc3 O-O 16. Nd4 Ne7 17.
Rd3 Qa6 18. Qd1 Qxa2 19. Bg5 Ng6 20. Re3 Qa6 21. h4 h6 22. h5 Bg4 23. Qxg4
Qxf1+ 24. Kh2 hxg5 25. hxg6 Qf4+ 26. Qxf4 gxf4 27. Rf3 fxg6 28. Ne6 Rf5 29. Nc7
Rd8 30. e6 Rc8 31. e7 Kf7 32. e8=Q+ Rxe8 33. Nxe8 Kxe8 34. Kh3 a5 35. Kg4 a4
36. Rf2 Kd7 37. Rb2 Kc6 38. Kf3 g5 39. Ke2 Re5+ 40. Kd3 Re3+ 41. Kd4 g4 42. Ra2
Re4+ 43. Kd3 b5 44. Rf2 Kc5 45. Rb2 Re3+ 46. Kd2 g5 47. Rb1 Rg3 48. Rg1 Kc4 49.
Ke2 Rxg2+ 50. Rxg2 f3+ 51. Kf2 fxg2 52. Kxg2 a3 53. Kg3 Kxc3 54. Kxg4 b4 55.
Kxg5 a2 56. Kf5 a1=Q 57. Ke5 Kd3+ 58. Ke6 Qe5+ 59. Kxe5 b3 60. Kxd5 b2 61. Ke5
b1=Q 62. Ke6 Ke4 63. Kd6 Qc1 64. Ke6 Qc6+ 65. Kf7 Kf5 66. Kg7 Qe8 67. Kh7 Kf6
68. Kh6 68... Qh8# {Timmo checkmated} 0-1

[Event "ICS rated blitz match"]
[Site "204.178.125.65"]
[Date "1999.09.20"]
[Round "?"]
[White "TioHoracio"]
[Black "Hossa"]
[Result "1/2-1/2"]
[WhiteElo "2135"]
[BlackElo "2406"]
[PlyCount "44"]
[EventDate "1999.??.??"]

1. e4 c5 2. Nf3 e6 3. d4 cxd4 4. Nxd4 a6 5. Nc3 Qc7 6. Be2 Bb4 7. O-O Bxc3 8.
bxc3 Nf6 9. Bd3 Qxc3 10. Nb3 d5 11. exd5 Nxd5 12. Rb1 O-O 13. Bb2 Qc7 14. Bxh7+
Kxh7 15. Qh5+ Kg8 16. Bxg7 Kxg7 17. Qg5+ Kh7 18. Qh5+ Kg8 19. Qg5+ Kh8 20. Qh6+
Kg8 21. Qg5+ Kh8 22. Qh6+ 22... Kg8 {Game drawn by mutual agreement} 1/2-1/2

[Event "ICS rated blitz match"]
[Site "204.178.125.65"]
[Date "1999.09.06"]
[Round "?"]
[White "Tomo"]
[Black "Hossa"]
[Result "0-1"]
[WhiteElo "2368"]
[BlackElo "2445"]
[PlyCount "152"]
[EventDate "1999.??.??"]

1. e4 e5 2. Nf3 Nc6 3. Bc4 Bc5 4. d3 Nge7 5. O-O O-O 6. c3 d6 7. h3 Be6 8. Bb3
d5 9. exd5 Bxd5 10. Nbd2 Nf5 11. Ne4 Bxe4 12. dxe4 Ng3 13. Qxd8 Rfxd8 14. Re1
Rd6 15. Be3 Nxe4 16. Bxc5 Nxc5 17. Nxe5 Nxe5 18. Rxe5 Nxb3 19. axb3 Kf8 20. Re2
a6 21. b4 Re8 22. Rae1 Rxe2 23. Rxe2 f5 24. g3 g6 25. Kg2 Kf7 26. h4 Kf6 27.
Kf3 h5 28. Kf4 Rd5 29. Kf3 c6 30. Kf4 Rd3 31. Rc2 Rd6 32. Re2 Rd1 33. Kf3 Rd7
34. Kf4 Rd8 35. Kf3 Rd3+ 36. Kf4 Kf7 37. Rc2 b6 38. Re2 Rd6 39. Kf3 Rd1 40. Kf4
Kf6 41. Kf3 Rd3+ 42. Kf4 Rd8 43. Rc2 a5 44. bxa5 bxa5 45. Re2 Rb8 46. Kf3 Rb3
47. Kf4 a4 48. Rd2 c5 49. f3 Rb6 50. g4 fxg4 51. fxg4 hxg4 52. Kxg4 Ke5 53. h5
gxh5+ 54. Kxh5 Ke4 55. Kg4 Ke3 56. Rd5 Rxb2 57. Rxc5 Kd3 58. c4 Rb4 59. Kf3
Rxc4 60. Ra5 Rd4 61. Kf2 Rb4 62. Ra8 Re4 63. Kf3 Rd4 64. Kf2 Kd2 65. Kf3 Rh4
66. Ra7 Kd3 67. Kf2 Re4 68. Ra8 Kd2 69. Kf3 Re3+ 70. Kf2 a3 71. Ra7 Rh3 72. Ra8
Kc1 73. Ke2 a2 74. Rc8+ Kb2 75. Rb8+ Rb3 76. Ra8 76... a1=Q {Tomo resigns} 0-1

[Event "ICS rated blitz match"]
[Site "204.178.125.65"]
[Date "1999.10.10"]
[Round "?"]
[White "Trifolium"]
[Black "Hossa"]
[Result "1-0"]
[WhiteElo "2280"]
[BlackElo "2477"]
[PlyCount "49"]
[EventDate "1999.??.??"]

1. e4 c5 2. Nf3 d6 3. d4 cxd4 4. Nxd4 Nf6 5. Nc3 g6 6. Be3 Bg7 7. f3 O-O 8. Qd2
d5 9. e5 Nfd7 10. f4 Nc6 11. Bb5 Nxd4 12. Bxd4 Nb6 13. Bc5 f6 14. O-O fxe5 15.
fxe5 Rxf1+ 16. Rxf1 Bxe5 17. Qh6 Bf5 18. Rxf5 Bxc3 19. bxc3 gxf5 20. Qe6+ Kf8
21. Be3 f4 22. Bxf4 Kg7 23. Bh6+ Kh8 24. Qe5+ Kg8 25. Qg7# {Hossa checkmated}
1-0

[Event "ICS rated blitz match"]
[Site "204.178.125.65"]
[Date "1999.10.11"]
[Round "?"]
[White "Trifolium"]
[Black "Hossa"]
[Result "0-1"]
[WhiteElo "2349"]
[BlackElo "2440"]
[PlyCount "172"]
[EventDate "1999.??.??"]

1. e4 c5 2. Nf3 e6 3. d4 cxd4 4. Nxd4 Nf6 5. Bd3 d5 6. e5 Nfd7 7. Nxe6 Qa5+ 8.
Bd2 Qb6 9. Nxf8 Kxf8 10. f4 Qxb2 11. Nc3 Nb6 12. Rb1 Qa3 13. Nb5 Qa4 14. Nc7
Nc6 15. Nxa8 Nxa8 16. c4 Qxd1+ 17. Kxd1 d4 18. Re1 Nb6 19. f5 h6 20. Rb5 Ke7
21. Kc1 Re8 22. c5 Nd7 23. Bf4 a6 24. Rb2 Nxc5 25. Bb1 Na4 26. f6+ Kf8 27.
fxg7+ Kxg7 28. Rb3 Nc3 29. Kb2 Nxb1 30. Kxb1 b5 31. Rf3 Bd7 32. Ref1 Rc8 33.
Rg3+ Kh7 34. Bg5 Be6 35. Bf6 h5 36. Rg5 Kh6 37. Rf4 Bg4 38. Rf2 d3 39. Rb2 Nd4
40. Rd2 Be2 41. Rg3 a5 42. Rg5 b4 43. Rg7 Nb5 44. Kb2 Na3 45. Rg3 Nc4+ 46. Ka1
Nxd2 47. Bg5+ Kh7 48. Bxd2 Rc2 49. Bf4 d2 50. Bxd2 Rxd2 51. a3 Bd1 52. axb4
axb4 53. Kb1 Bg4 54. Kc1 Ra2 55. h3 Be6 56. Kb1 b3 57. Rg5 Kh6 58. h4 Bg4 59.
e6 fxe6 60. Rb5 Bf5+ 61. Kc1 Rc2+ 62. Kd1 Bg4+ 63. Ke1 b2 64. Rb8 Rc1+ 65. Kd2
b1=Q 66. Rxb1 Rxb1 67. Ke3 Rf1 68. Kd4 Rg1 69. Ke4 Rxg2 70. Kd4 Rd2+ 71. Ke5
Bf5 72. Kf6 Rd5 73. Kf7 Bg6+ 74. Kxe6 Bf7+ 75. Kxf7 Rd4 76. Kf6 Rxh4 77. Ke6
Kg6 78. Kd6 Rg4 79. Ke6 h4 80. Ke7 h3 81. Kd7 h2 82. Kc6 h1=Q+ 83. Kd6 Rc4 84.
Ke7 Rd4 85. Ke8 Kg7 86. Ke7 86... Qe1# {Trifolium checkmated} 0-1

[Event "ICS rated blitz match"]
[Site "204.178.125.65"]
[Date "1999.10.11"]
[Round "?"]
[White "Trifolium"]
[Black "Hossa"]
[Result "1-0"]
[WhiteElo "2410"]
[BlackElo "2379"]
[PlyCount "108"]
[EventDate "1999.??.??"]

1. d4 Nf6 2. c4 c5 3. d5 e6 4. Nc3 exd5 5. cxd5 d6 6. e4 g6 7. f4 Bg7 8. Bb5+
Nfd7 9. Bd3 Nb6 10. Nf3 O-O 11. O-O f5 12. e5 Re8 13. Bb5 Bd7 14. Bxd7 N8xd7
15. e6 Nf8 16. Be3 a5 17. Bf2 Qc8 18. Nb5 Qb8 19. Rb1 Bh6 20. Qd2 Bg7 21. Rbc1
Qd8 22. Bh4 Qb8 23. Rfe1 Kh8 24. Ng5 Nc8 25. Nf7+ Kg8 26. Bd8 b6 27. Rc4 Ne7
28. Bc7 Qb7 29. Nfxd6 Qxd5 30. Qe2 Nc6 31. Nxe8 Rxe8 32. Nc3 Bd4+ 33. Kf1 Bxc3
34. Rxc3 Rxe6 35. Qc4 Nb4 36. Rxe6 Qxe6 37. Qxe6+ Nxe6 38. Bxb6 Nd5 39. Bxa5
Nxc3 40. Bxc3 Nxf4 41. a4 Nd5 42. Ke2 Nf4+ 43. Kf3 Ne6 44. Be5 Kf7 45. a5 Nd4+
46. Bxd4 cxd4 47. a6 g5 48. a7 Kf6 49. a8=Q Ke5 50. Qh8+ Kd5 51. Qxh7 Ke6 52.
Qh6+ Kd5 53. Qxg5 Kc5 54. Qd8 54... Kc4 {Hossa resigns} 1-0

[Event "ICS rated blitz match"]
[Site "204.178.125.65"]
[Date "1999.10.11"]
[Round "?"]
[White "Trifolium"]
[Black "Hossa"]
[Result "1-0"]
[WhiteElo "2396"]
[BlackElo "2393"]
[PlyCount "167"]
[EventDate "1999.??.??"]

1. e4 c5 2. Nf3 Nc6 3. d4 cxd4 4. Nxd4 g6 5. Nc3 Bg7 6. Be3 Nf6 7. Bc4 O-O 8.
Bb3 Ng4 9. Qxg4 Nxd4 10. Qd1 Nxb3 11. axb3 a5 12. O-O f5 13. Bd4 Bxd4 14. Qxd4
fxe4 15. b4 e6 16. Nxe4 d5 17. Nc3 b6 18. bxa5 Rxa5 19. Rxa5 bxa5 20. Ra1 Rf5
21. f3 Qc7 22. Re1 Rh5 23. f4 Rf5 24. Re5 Rxe5 25. fxe5 g5 26. Kf2 Qf7+ 27. Ke1
Qf5 28. Kd2 Qf1 29. Qg4 Qf2+ 30. Ne2 h6 31. h3 Bd7 32. g3 Qb6 33. Qd4 Qb5 34.
Ke3 h5 35. Qa7 Bc6 36. Qc7 Be8 37. Qe7 Bf7 38. Qxg5+ Kh7 39. Qf6 Bg8 40. Qe7+
Kh6 41. h4 d4+ 42. Kd2 Qxe5 43. Qf8+ Kh7 44. Qf4 Qd5 45. Qf6 Qg2 46. Qe7+ Kh8
47. Qg5 Qd5 48. Qh6+ Bh7 49. Qf8+ Bg8 50. Nf4 Qf5 51. Qxf5 exf5 52. Kd3 Bf7 53.
Kxd4 Kg7 54. Ke5 Kh6 55. Kxf5 Bg8 56. Ke5 Bc4 57. c3 a4 58. Kf5 Bg8 59. Ne6
Bh7+ 60. Kf6 Bd3 61. Ke5 Bc4 62. Nf4 Ba2 63. Kd6 Bb3 64. Nd3 Kg7 65. Ke5 Kh6
66. Kf6 Bd5 67. Ne5 Bb3 68. c4 Kh7 69. c5 Kh6 70. c6 Bd5 71. c7 Bb7 72. Nf7+
Kh7 73. Nd6 Ba6 74. c8=Q Bxc8 75. Nxc8 Kh6 76. Kf7 Kh7 77. Nb6 Kh6 78. Nxa4 Kh7
79. b4 Kh8 80. b5 Kh7 81. b6 Kh8 82. b7 Kh7 83. b8=Q Kh6 84. Qh8# {
Hossa checkmated} 1-0

[Event "ICS rated blitz match"]
[Site "204.178.125.65"]
[Date "1999.10.15"]
[Round "?"]
[White "Trifolium"]
[Black "Hossa"]
[Result "1-0"]
[WhiteElo "2477"]
[BlackElo "2383"]
[PlyCount "156"]
[EventDate "1999.??.??"]

1. d4 Nf6 2. c4 g6 3. Nc3 Bg7 4. e4 O-O 5. Nf3 d6 6. Be2 e5 7. O-O exd4 8. Nxd4
Nc6 9. Be3 Re8 10. f3 Nxd4 11. Bxd4 c6 12. Qd2 Be6 13. Rfd1 a6 14. Rac1 Bf8 15.
b3 Rc8 16. a3 Nd7 17. Ra1 Nc5 18. Rab1 Nd7 19. Rb2 Qh4 20. Be3 Qh5 21. Bg5 Bg7
22. Rc2 Nc5 23. g4 Qh3 24. Qe3 Bxg4 25. fxg4 Qxe3+ 26. Bxe3 Nxe4 27. Nxe4 Rxe4
28. Bb6 Rce8 29. Bf3 R4e6 30. Rcd2 Be5 31. Bc7 Bf4 32. Rd3 f5 33. Bxd6 Bxd6 34.
Rxd6 Re3 35. R1d3 f4 36. Kf2 g5 37. Rxe3 Rxe3 38. Rd8+ Kf7 39. Rd7+ Re7 40.
Rxe7+ Kxe7 41. c5 Ke6 42. Be4 h6 43. Bf5+ Kd5 44. b4 Kc4 45. Be6+ Kb5 46. Bb3
a5 47. bxa5 Kxc5 48. Be6 Kb5 49. Bc8 Ka6 50. Ke2 Ka7 51. Kd3 Ka6 52. Ke4 c5 53.
Kd3 Kxa5 54. Bxb7 Ka4 55. Kc4 Kxa3 56. Kxc5 Kb3 57. Kd4 Kb4 58. Bd5 Kb5 59. Bf3
Kb4 60. Be2 Kb3 61. Bd3 Kb2 62. Be4 Kc1 63. Bf3 Kc2 64. Ke4 Kd2 65. Kf5 Ke3 66.
Bd5 f3 67. Kg6 Kf4 68. Kh5 f2 69. Bg2 Ke3 70. Kxh6 Kf4 71. Kh5 Ke3 72. Kxg5 Kd2
73. h4 Ke2 74. h5 Ke1 75. h6 f1=R 76. Bxf1 Kf2 77. Ba6 Kg3 78. h7 78... Kf3 {
Hossa resigns} 1-0

[Event "ICS rated blitz match"]
[Site "204.178.125.65"]
[Date "1999.10.17"]
[Round "?"]
[White "Trifolium"]
[Black "Hossa"]
[Result "1-0"]
[WhiteElo "2505"]
[BlackElo "2552"]
[PlyCount "58"]
[EventDate "1999.??.??"]

1. d4 Nf6 2. Bg5 Ne4 3. Bf4 e6 4. e3 d5 5. Bd3 Nd7 6. Bxe4 dxe4 7. Nd2 f5 8.
Nh3 Be7 9. Qh5+ g6 10. Qe2 c5 11. dxc5 e5 12. Bh6 Bxc5 13. O-O b6 14. Nb3 Be7
15. Qc4 Bf6 16. Qe6+ Qe7 17. Qc6 Rb8 18. Rfd1 a6 19. Rd6 Bb7 20. Qc7 Rd8 21.
Rad1 Bc8 22. Qc6 Qf7 23. Re6+ Qe7 24. Rxe7+ Kxe7 25. Bg7 Rhf8 26. Qd6+ Ke8 27.
Qe6+ Be7 28. Ng5 Nf6 29. Rxd8+ 29... Kxd8 {Hossa resigns} 1-0

[Event "ICS rated blitz match"]
[Site "204.178.125.65"]
[Date "1999.10.12"]
[Round "?"]
[White "Trifolium"]
[Black "Hossa"]
[Result "1/2-1/2"]
[WhiteElo "2424"]
[BlackElo "2412"]
[PlyCount "234"]
[EventDate "1999.??.??"]

1. e4 c5 2. Nf3 d6 3. d4 cxd4 4. Nxd4 Nf6 5. Nc3 a6 6. Be3 e6 7. f3 d5 8. exd5
exd5 9. Bd3 Bc5 10. O-O O-O 11. Re1 Re8 12. Qd2 Bb6 13. Na4 Ba7 14. Qf2 Nbd7
15. Qh4 Ne5 16. Nc3 Nxd3 17. cxd3 Qb6 18. Bf2 Bd7 19. Reb1 Rac8 20. a4 Qb4 21.
a5 Bc5 22. Kh1 Re5 23. Nc2 Qxh4 24. Bxh4 Be7 25. Nd4 Rh5 26. Bf2 Bd6 27. h3 Bb4
28. Rc1 Re8 29. Kh2 Kh8 30. Rc2 Rc8 31. g4 Rh6 32. Be3 Bd6+ 33. Kg2 Rg6 34. f4
Re8 35. Bc1 Nxg4 36. hxg4 Rxg4+ 37. Kf3 Rh4 38. Nxd5 Rh3+ 39. Kg2 Rxd3 40. Rd2
Rxd2+ 41. Bxd2 Re4 42. Nf3 Bc6 43. Nc3 Rd4 44. Be3 Rd3 45. Rd1 Rxe3 46. Rxd6 g6
47. Rxc6 bxc6 48. Ne5 f6 49. Nxc6 Re6 50. Nb4 g5 51. fxg5 fxg5 52. Kf3 h5 53.
Ne4 Re5 54. Nxa6 Rf5+ 55. Ke3 Rxa5 56. Nac5 g4 57. Kf4 Kg7 58. b4 Rb5 59. Kg5
Rxb4 60. Kxh5 Rb5 61. Kh4 Kg6 62. Nd3 Rh5+ 63. Kxg4 Rh4+ 64. Kxh4 Kf5 65. Nec5
Kf6 66. Kg4 Kg6 67. Ne4 Kf7 68. Kf5 Ke7 69. Ne5 Ke8 70. Ke6 Kd8 71. Kd6 Ke8 72.
Nf6+ Kd8 73. Nf7+ Kc8 74. Kc6 Kb8 75. Nd7+ Kc8 76. Nb6+ Kb8 77. Nd6 Ka7 78. Nd7
Ka6 79. Nb7 Ka7 80. Nbc5 Ka8 81. Kd6 Ka7 82. Ke5 Ka8 83. Ke4 Ka7 84. Kd5 Ka8
85. Ke5 Ka7 86. Kd6 Ka8 87. Kc6 Ka7 88. Kc7 Ka8 89. Nb6+ Ka7 90. Nd5 Ka8 91.
Ne7 Ka7 92. Nc8+ Ka8 93. Kb6 Kb8 94. Nd6 Ka8 95. Kc7 Ka7 96. Nb5+ Ka8 97. Kc6
Kb8 98. Nd6 Ka7 99. Kc7 Ka8 100. Kb6 Kb8 101. Na6+ Ka8 102. Nc7+ Kb8 103. Ncb5
Ka8 104. Kc5 Kb8 105. Kd5 Ka8 106. Ke5 Kb8 107. Ke4 Ka8 108. Kd5 Kb8 109. Ke5
Ka8 110. Ke4 Kb8 111. Kd4 Ka8 112. Nc3 Kb8 113. Nd5 Ka7 114. Nb5+ Kb7 115. Nd6+
Ka7 116. Nb5+ Kb7 117. Nd6+ 117... Ka7 {Game drawn by repetition} 1/2-1/2

[Event "ICS rated blitz match"]
[Site "204.178.125.65"]
[Date "1999.10.11"]
[Round "?"]
[White "Trifolium"]
[Black "Hossa"]
[Result "1/2-1/2"]
[WhiteElo "2421"]
[BlackElo "2368"]
[PlyCount "64"]
[EventDate "1999.??.??"]

1. d4 Nf6 2. c4 c5 3. d5 e6 4. Nc3 exd5 5. cxd5 d6 6. e4 g6 7. Bd3 Bg7 8. Nge2
O-O 9. O-O Nbd7 10. Bf4 Ne5 11. Bxe5 dxe5 12. Qb3 Ng4 13. h3 Nf6 14. Rfd1 b6
15. Bb5 Rb8 16. a3 a6 17. Bc6 Qd6 18. Qc4 b5 19. Qd3 Rb6 20. Qe3 Rxc6 21. dxc6
Qxc6 22. Nd5 Re8 23. Nxf6+ Bxf6 24. Rd5 c4 25. Rad1 Qb7 26. Qf3 Re6 27. Nc3 Bg5
28. Qg4 Bf6 29. Qf3 Bg5 30. Qg4 Bf6 31. Qf3 Bg5 32. Qg4 32... Bf6 {
Game drawn by repetition} 1/2-1/2

[Event "ICS rated blitz match"]
[Site "204.178.125.65"]
[Date "1999.10.11"]
[Round "?"]
[White "Trifolium"]
[Black "Hossa"]
[Result "0-1"]
[WhiteElo "2425"]
[BlackElo "2364"]
[PlyCount "58"]
[EventDate "1999.??.??"]

1. e4 e5 2. Nf3 Nc6 3. d4 exd4 4. Nxd4 Bc5 5. Be3 Bxd4 6. Bxd4 Nxd4 7. Qxd4 Qf6
8. Qc3 b6 9. Bd3 Bb7 10. O-O O-O-O 11. Qa3 Kb8 12. Nc3 Ne7 13. Rfd1 d5 14. Nb5
Nc6 15. exd5 Rxd5 16. Rab1 Qf4 17. b4 Re8 18. c4 Rh5 19. h3 a6 20. Nc3 Nd4 21.
Nd5 Nf3+ 22. gxf3 Rg5+ 23. Kf1 Qxf3 24. Be4 Qxa3 25. Bd3 Bxd5 26. cxd5 Rxd5 27.
Rb3 Qxa2 28. Rc3 Qb2 29. Rc2 29... Qxb4 {Trifolium resigns} 0-1

[Event "ICS rated blitz match"]
[Site "204.178.125.65"]
[Date "1999.10.11"]
[Round "?"]
[White "Trifolium"]
[Black "Hossa"]
[Result "1-0"]
[WhiteElo "2395"]
[BlackElo "2394"]
[PlyCount "135"]
[EventDate "1999.??.??"]

1. d4 e6 2. c4 b6 3. e4 Bb7 4. Bd3 d5 5. cxd5 exd5 6. e5 c5 7. dxc5 Bxc5 8. Qg4
Bf8 9. Nc3 Nc6 10. Nf3 Bc8 11. Qa4 Bd7 12. Bg5 Be7 13. Bb5 Rc8 14. Be3 Bb4 15.
Bxc6 Bxc3+ 16. bxc3 Rxc6 17. Qxa7 Ne7 18. O-O Bg4 19. Nd4 Rxc3 20. Nb5 Nc8 21.
Qb7 Rc2 22. Rfc1 Rxc1+ 23. Rxc1 O-O 24. Rc7 Be2 25. a4 Bxb5 26. axb5 d4 27. Rd7
dxe3 28. Rxd8 exf2+ 29. Kxf2 Rxd8 30. Qc7 Re8 31. Qd7 Rf8 32. Kf3 Kh8 33. Ke4
Kg8 34. h4 Kh8 35. Kf5 Kg8 36. Kf4 h6 37. Ke4 Kh8 38. g4 Kg8 39. g5 hxg5 40.
hxg5 g6 41. Qc6 Rd8 42. e6 Nd6+ 43. Ke5 fxe6 44. Qc7 Nf7+ 45. Kf6 Rf8 46. Kxg6
Nh8+ 47. Kh5 Rf1 48. Qxb6 Rh1+ 49. Kg4 Nf7 50. Qxe6 Rg1+ 51. Kf5 Kf8 52. b6
Rf1+ 53. Kg6 Nh8+ 54. Kh5 Rh1+ 55. Kg4 Rg1+ 56. Kh4 Kg7 57. Qe5+ Kh7 58. Qe4+
Ng6+ 59. Kh5 Kg7 60. Qxg6+ Kf8 61. Qe4 Rd1 62. Qf3+ Ke7 63. Qxd1 Ke6 64. b7 Kf5
65. Qd5+ Kf4 66. b8=Q+ Ke3 67. Qg3+ Ke2 68. Qdd3# {Hossa checkmated} 1-0

[Event "ICS rated blitz match"]
[Site "204.178.125.65"]
[Date "1999.10.11"]
[Round "?"]
[White "Trifolium"]
[Black "Hossa"]
[Result "1-0"]
[WhiteElo "2358"]
[BlackElo "2431"]
[PlyCount "88"]
[EventDate "1999.??.??"]

1. e4 c5 2. Nf3 e6 3. d4 cxd4 4. Nxd4 Nf6 5. Nc3 d6 6. Be3 a6 7. f4 e5 8. Nf3
exf4 9. Bxf4 Qb6 10. Rb1 Be7 11. Bc4 O-O 12. Qd3 Ng4 13. Rf1 Be6 14. Bd5 Bf6
15. Ng5 Bxd5 16. Nxd5 Qa5+ 17. c3 Bxg5 18. Bxg5 Qxa2 19. Nb6 Ra7 20. Be7 Re8
21. Bxd6 Rd8 22. Rd1 Nxh2 23. Nc8 Ra8 24. Ne7+ Kh8 25. Rf4 Qe6 26. Nf5 Nd7 27.
Bc7 g6 28. Nh6 f6 29. Bxd8 Rxd8 30. Rh4 Ng4 31. Rxg4 Kg7 32. Nf5+ Kh8 33. Rxg6
Re8 34. Rg7 Qxf5 35. Rxd7 Rxe4+ 36. Kd2 b5 37. Rh1 Qg5+ 38. Kd1 Qg4+ 39. Kc1
Kg8 40. Rdxh7 Qg5+ 41. Kb1 Qf5 42. Rh8+ Kf7 43. R1h7+ Kg6 44. Rh6+ 44... Kg7 {
Hossa resigns} 1-0

[Event "ICS rated blitz match"]
[Site "204.178.125.65"]
[Date "1999.10.11"]
[Round "?"]
[White "Trifolium"]
[Black "Hossa"]
[Result "1-0"]
[WhiteElo "2395"]
[BlackElo "2394"]
[PlyCount "73"]
[EventDate "1999.??.??"]

1. e4 c5 2. Nf3 Nc6 3. d4 cxd4 4. Nxd4 Nf6 5. Nc3 d6 6. Be2 e5 7. Nf3 Be7 8.
O-O O-O 9. Bg5 Be6 10. Qd3 Qb6 11. Be3 Qxb2 12. a3 Nxe4 13. Na4 Nxf2 14. Bxf2
e4 15. Qxe4 Qf6 16. Bd3 Qg6 17. Qxg6 fxg6 18. Rae1 Bd5 19. Nd4 Ne5 20. Nc3 Bc6
21. Nxc6 bxc6 22. Ba6 Rfe8 23. Ne4 d5 24. Nc5 Bd6 25. Bd4 Re7 26. Nb7 Bc7 27.
Kh1 Ree8 28. Nc5 Nc4 29. Bb7 Nxa3 30. Bxa8 Rxa8 31. Re7 Nb5 32. Rxg7+ Kh8 33.
Rff7 Nxd4 34. Rxh7+ Kg8 35. Rfg7+ Kf8 36. Nd7+ Ke8 37. Rh8# {Hossa checkmated}
1-0

[Event "ICS rated blitz match"]
[Site "204.178.125.65"]
[Date "1999.10.11"]
[Round "?"]
[White "Trifolium"]
[Black "Hossa"]
[Result "0-1"]
[WhiteElo "2393"]
[BlackElo "2396"]
[PlyCount "148"]
[EventDate "1999.??.??"]

1. e4 c5 2. Nf3 Nc6 3. d4 cxd4 4. Nxd4 Nf6 5. Nc3 d6 6. Bc4 e6 7. Be3 Be7 8.
Qe2 O-O 9. O-O-O Ne5 10. Bb5 a6 11. f4 Neg4 12. Bc4 d5 13. Bb3 Bb4 14. e5 Bxc3
15. bxc3 Nxe3 16. Qxe3 Ne4 17. Kb2 Bd7 18. c4 Rc8 19. Ne2 dxc4 20. Qxe4 cxb3
21. cxb3 Bc6 22. Qe3 Qh4 23. g3 Qh5 24. Rhf1 Qxh2 25. Rf2 Qh5 26. Nc3 a5 27.
Rd6 Rfe8 28. a3 Qh3 29. Rc2 Kh8 30. Qg1 Qg4 31. Rh2 Kg8 32. Rd3 Qf5 33. Rd4 h6
34. Rhd2 Qh3 35. R4d3 Qg4 36. Qa7 Ra8 37. Qc5 Rab8 38. Qb6 a4 39. Nxa4 Be4 40.
Re3 Bf3 41. Red3 Ra8 42. Qe3 Bc6 43. Nb6 Rab8 44. Ka2 Qh3 45. Qg1 Qf5 46. Nc4
Qg4 47. Ne3 Qg6 48. g4 Ra8 49. Rd6 Qe4 50. R2d4 Qf3 51. g5 h5 52. Nc4 Qc3 53.
Qb1 Bg2 54. g6 b5 55. gxf7+ Kxf7 56. Qh7 bxc4 57. Rd7+ Re7 58. Rxe7+ Kxe7 59.
Qxg7+ Ke8 60. Qh8+ Ke7 61. Qf6+ Ke8 62. Qxe6+ Kf8 63. Qxc4 Qa5 64. a4 Ra7 65.
Qc8+ Ke7 66. Qg8 Qb6 67. Rd6 Qf2+ 68. Ka3 Qc5+ 69. Kb2 Qf2+ 70. Kb1 Be4+ 71.
Ka1 Qf1+ 72. Kb2 Qb1+ 73. Ka3 Qc1+ 74. Ka2 74... Bb1+ {Trifolium resigns} 0-1

[Event "ICS rated blitz match"]
[Site "204.178.125.65"]
[Date "1999.10.10"]
[Round "?"]
[White "Trifolium"]
[Black "Hossa"]
[Result "1-0"]
[WhiteElo "2208"]
[BlackElo "2496"]
[PlyCount "116"]
[EventDate "1999.??.??"]

1. e4 c5 2. Nf3 Nc6 3. d4 cxd4 4. Nxd4 Nf6 5. Nc3 d6 6. Bc4 e5 7. Nxc6 bxc6 8.
Be3 Be7 9. Qd3 O-O 10. f3 Be6 11. Bxe6 fxe6 12. O-O-O d5 13. Ne2 Qd7 14. Qa6
Bb4 15. Kb1 Rfb8 16. h4 Qc7 17. exd5 exd5 18. h5 d4 19. Bg5 Nd5 20. h6 Bc3 21.
b3 Rb6 22. Qc4 Rb4 23. Qa6 Rab8 24. hxg7 R8b6 25. Qd3 Qxg7 26. Qf5 Rb8 27. Rh6
Rf8 28. Qe6+ Qf7 29. Qxc6 Rb6 30. Qc4 Re8 31. Rdh1 Rxh6 32. Rxh6 Bb4 33. Qd3
Bf8 34. Rh4 Bb4 35. Rh3 Nc3+ 36. Nxc3 Bxc3 37. Bd2 Bxd2 38. Qxd2 Rc8 39. Rg3+
Kh8 40. Qg5 Re8 41. Rg4 Qe7 42. Qd2 Qc7 43. Qh6 Qf7 44. f4 Qe7 45. fxe5 Qxe5
46. Qc6 Qe1+ 47. Kb2 Qe5 48. Rg5 Qe6 49. Qc5 Qb6 50. Qf5 Qc6 51. Qf7 Qc3+ 52.
Ka3 Qa5+ 53. Rxa5 h6 54. Qxe8+ Kg7 55. Rxa7+ Kf6 56. Qf7+ Ke5 57. Re7+ Kd6 58.
Re6+ 58... Kc5 {Hossa resigns} 1-0

[Event "ICS rated blitz match"]
[Site "204.178.125.65"]
[Date "1999.10.17"]
[Round "?"]
[White "Trifolium"]
[Black "Hossa"]
[Result "1-0"]
[WhiteElo "2524"]
[BlackElo "2533"]
[PlyCount "90"]
[EventDate "1999.??.??"]

1. Nf3 d5 2. g3 Nf6 3. Bg2 Nc6 4. d4 Bf5 5. O-O e6 6. c4 dxc4 7. Qa4 Ne4 8. Ng5
Qxd4 9. Nc3 Nxc3 10. Bxc6+ bxc6 11. Qxc6+ Ke7 12. bxc3 Qd5 13. Qxc7+ Qd7 14.
Qxd7+ Kxd7 15. Nxf7 Rg8 16. Ne5+ Ke8 17. Be3 a5 18. Nxc4 Rc8 19. Nxa5 Rxc3 20.
Rfc1 Bb4 21. Nc6 Rxc1+ 22. Rxc1 Ba3 23. Rd1 Rf8 24. f3 Bc2 25. Rd8+ Kf7 26.
Rd7+ Kg6 27. Ne5+ Kf5 28. Nc4 Bb4 29. Rb7 Bc3 30. Rc7 Ra8 31. Nd6+ Kg6 32. Nb5
Rxa2 33. Nxc3 Ra5 34. Kf2 h5 35. h4 Rf5 36. Bc5 Rf6 37. e4 Bd3 38. Bd4 Rf7 39.
Rc6 Kh7 40. Rxe6 Bc4 41. Nd5 Bb3 42. Re5 Kg6 43. Nf4+ Kh7 44. Rxh5+ Kg8 45. Rb5
45... Bc4 {Hossa resigns} 1-0

[Event "ICS rated blitz match"]
[Site "204.178.125.65"]
[Date "1999.10.03"]
[Round "?"]
[White "Umax"]
[Black "Hossa"]
[Result "1-0"]
[WhiteElo "2405"]
[BlackElo "2369"]
[PlyCount "115"]
[EventDate "1999.??.??"]

1. e4 c5 2. Nf3 d6 3. d4 cxd4 4. Nxd4 Nf6 5. Nc3 a6 6. Be2 e6 7. O-O Be7 8. Be3
O-O 9. f4 d5 10. e5 Nfd7 11. Bd3 Nc5 12. f5 Nxd3 13. cxd3 Nc6 14. fxe6 fxe6 15.
Rxf8+ Bxf8 16. Nxc6 bxc6 17. d4 Ra7 18. Qa4 Bd7 19. Qb3 Qc7 20. Rf1 Ra8 21. Qd1
c5 22. Qf3 Bc6 23. Qg4 Bd7 24. Qf4 Bb5 25. Nxb5 axb5 26. Qg4 Qc8 27. a3 cxd4
28. Qxd4 Qd7 29. Qg4 Be7 30. h3 Rc8 31. Rf2 Bc5 32. Bxc5 Rxc5 33. Qb4 Qc7 34.
g4 g5 35. Kg2 Qc6 36. Qd2 h6 37. Qd3 Qe8 38. Rf6 Kg7 39. Kh2 Rc4 40. Kg2 Re4
41. Qc3 Qe7 42. Qd3 Qd7 43. Qc2 Kh7 44. Kh2 Kg8 45. Rxh6 Kg7 46. Rf6 Qe7 47.
Kg2 Qd7 48. Qc5 Qe8 49. Qc7+ Kg8 50. Rh6 Re2+ 51. Kf3 Qf8+ 52. Rf6 Qe8 53. Kxe2
d4 54. b4 Kh8 55. Rh6+ Kg8 56. Qh7+ Kf8 57. Rf6+ Qf7 58. Qxf7# {
Hossa checkmated} 1-0

[Event "ICS rated blitz match"]
[Site "204.178.125.65"]
[Date "1999.10.03"]
[Round "?"]
[White "VESta"]
[Black "Hossa"]
[Result "0-1"]
[WhiteElo "2099"]
[BlackElo "2461"]
[PlyCount "116"]
[EventDate "1999.??.??"]

1. e4 c5 2. Nf3 e6 3. d4 cxd4 4. Nxd4 Nf6 5. Nc3 d6 6. Be2 a6 7. O-O Be7 8. a4
O-O 9. f4 d5 10. e5 Nfd7 11. Kh1 Nc6 12. Be3 Bb4 13. Bd3 Re8 14. Rf3 Nc5 15.
Bxh7+ Kxh7 16. Rh3+ Kg8 17. Qh5 Kf8 18. Qh8+ Ke7 19. Qxg7 Nxd4 20. Bxd4 b6 21.
f5 Bxc3 22. f6+ Kd7 23. Qxf7+ Kc6 24. Rxc3 a5 25. Qh7 Ba6 26. Rg3 Rh8 27. Qf7
Rf8 28. Qh5 Ne4 29. Rg7 Rb8 30. Qh3 Qc8 31. Re7 Re8 32. Rxe8 Qxe8 33. c3 Kc7
34. b4 Be2 35. Re1 Bc4 36. Qh7+ Qd7 37. Qxd7+ Kxd7 38. g3 axb4 39. cxb4 Ra8 40.
Ra1 Kc6 41. Kg2 Nd2 42. b5+ Kc7 43. Ra3 Bxb5 44. Rc3+ Bc6 45. h4 Rxa4 46. Rd3
Ra2 47. Kh3 Nc4 48. f7 Ra8 49. Rf3 Rf8 50. g4 Kd7 51. g5 Nd2 52. Rf2 Ne4 53.
Rf1 Bb5 54. g6 Bxf1+ 55. Kg4 Be2+ 56. Kf4 Bh5 57. g7 Rxf7+ 58. Ke3 58... Rxg7 {
VESta resigns} 0-1